000 00770nam a22002297a 4500
003 UA-OsUOA
001 21027
007 ta
008 20031111b un ||||| |||| 00| 0 ukr d
090 _a94(477-25)(035)+(031)
_bК38
942 _cBK
040 _aUA-OsUOA
_brus
_cUA-OsUOA
_dUA-OsUOA
245 _aКиев
_bэнциклопедический справочник
_cпод ред. А. В. Кудрицкого
300 _a736 с.
_bІлюстрації
955 _a1
041 _arus
080 _a94(477-25)(035)+(031)
260 _aК.
_bГлавная редакция Украинской Советской Энциклопедии
_c1985
044 _aUA
650 7 _a9 Географія. Біографії. Історія
_2UDC
999 _c307219
_d307219